000 nam a22 7a 4500
999 _c7691
_d7691
008 170928b xxu||||| |||| 00| 0 eng d
100 _94179
_aAgarwal
245 _aHindi Story Book
260 _anew delhi